• 首页
  • 本馆介绍
  • 公告通知
  • 最新文献
  • 馆藏检索
  • 电子资源
  • 读者导购
  • 参考咨询
  • 我的图书馆
  • 登录
  • 详细信息显示
  • 放入我的书架
  • 预约/预借图书
  • 作者相关作品
  • 分类相关作品
  • 丛书相关作品
  • 出版社相关作品

书目信息

  • 表格格式
  • 工作单格式
  • 卡片格式
题名:
注册监理工程师考试教材精编
    
 
作者: ;《注册监理工程师考试教材精编》编委会 编
分册:  
出版信息: 武汉   湖北科学技术出版社  2019
页数: 162页
开本: 19cm
丛书名:
单 册:
中图分类: TU712 , F283
科图分类:
主题词: 建筑工程--质量管理--资格考试--教材 , 基本建设投资--资格考试--教材 , 建筑工程--施工进度计划--资格考试--教材
电子资源:
ISBN: 978-7-5352-9562-0
000 01152nam0 2200265 45
001 012001003186
005 20140129133209.0
010    @a978-7-5352-9562-0@dCNY159.00
100    @a20181029d2017 em y0chiy0110 ea
101 0  @achi
102    @aCN@b420000
105    @ay z 000yy
106    @ar
200 1  @a注册监理工程师考试教材精编@9zhu ce jian li gong cheng shi kao shi jiao cai jing bian@f《注册监理工程师考试教材精编》编委会编
210    @a武汉@c湖北科学技术出版社@d2019
215    @a162页@d19cm
330    @a本书根据全新的注册监理工程师考试大纲及规范编写而成,内容包括注册监理工程师建设工程质量管理、工程项目进度管理、工程投资控制管理等,是一套省时、省力、重点突出的专门应对考试的精编教程,配套二维码扫码识别完整的题库,帮助考生轻松过关!
606 0  @a建筑工程@x质量管理@x资格考试@j教材
606 0  @a基本建设投资@x资格考试@j教材
606 0  @a建筑工程@x施工进度计划@x资格考试@j教材
690    @aTU712@v5
690    @aF283@v5
711 02 @a《注册监理工程师考试教材精编》编委会@9《 zhu ce jian li gong cheng shi kao shi jiao cai jing bian 》 bian wei hui@4编
801  0 @aCN@b北京卓展@c20191020
905    @b1210689-91@dTU712@e1559@f3
    
    注册监理工程师考试教材精编/《注册监理工程师考试教材精编》编委会编.-武汉:湖北科学技术出版社,2019
    162页;19cm
    
    
    ISBN 978-7-5352-9562-0:CNY159.00
    本书根据全新的注册监理工程师考试大纲及规范编写而成,内容包括注册监理工程师建设工程质量管理、工程项目进度管理、工程投资控制管理等,是一套省时、省力、重点突出的专门应对考试的精编教程,配套二维码扫码识别完整的题库,帮助考生轻松过关!
●
相关链接 在E读中查询图书 在五车中查询图书 在当当中查询图书 在豆瓣中查询图书


正题名:注册监理工程师考试教材精编     索取号:TU712/1559         预约/预借

序号 登录号 条形码 馆藏地/架位号 状态 备注
1 1210689   212106898   第二样本阅览室/ [索取号:TU712/1559] 在馆    
2 1210690   212106905   第三借阅区/ [索取号:TU712/1559] 在馆    
3 1210691   212106914   第三借阅区/ [索取号:TU712/1559] 在馆    
唐山师范学院图书馆 欢迎您!
大连网信软件有限公司© 版权所有